000 00752nam a2200229 a 4500
001 000022751
005 20200930021757.0
008 101117s1964 xxuc r 001 0 spa d
040 _aDO-SdBNP
_bspa
_cBNPHU
082 _axxxx
_bL988t
100 1 _aJohnson, Lyndon B.,
_d1908-1973
_946745
245 1 2 _aA time for action /
_cLyndon B. Johnson ; introducción Adlai E. Stevenson.
260 _aTexas :
_bUniversity of Texas Press,
_c1964.
300 _a191 p. :
_bil. ;
_c16 cm.
490 1 _aThe Complete Book
490 1 _aGiant Cardinal ;
_v224
500 _aIncluye índice alfabético.
590 _aInventariado, 2019/BT
700 1 _aStevenson, Adlai E.
_946746
830 0 _aThe Complete Book
_946747
830 0 _aGiant Cardinal ;
_n224
_946748
999 _c22248
_d22248